Mac Miller Albums - Statistics

General Stats
  • This quiz has been taken 190 times
  • The average score is 6 of 7
Answer Stats
Release Date Album % Correct
August 3, 2018 Swimming
95%
January 17, 2020 Circles
93%
January 17. 2025 Balloonerism
87%
June 8, 2013 Watching Movies with the Sound Off
76%
September 16, 2016 The Divine Feminine
75%
September 18, 2015 GO:OD AM
73%
November 8. 2011 Blue Slide Park
70%
No matching quizzes found
Score Distribution
Percent of People with Each Score
Percentile by Number Answered
Your Score History
You have not taken this quiz